[Event "Bundesliga 2425"]
[Site "Germany"]
[Date "2025.04.27"]
[Round "15.4"]
[White "Sindarov, Javokhir"]
[Black "Sarana, Alexey"]
[Result "1/2-1/2"]
[WhiteElo "2677"]
[BlackElo "2713"]
[PlyCount "36"]
[EventDate "2024.09.28"]
[EventType "team-tourn"]
[EventRounds "15"]
[EventCountry "GER"]
[SourceTitle "CB18_2025"]
[SourceDate "2025.04.30"]
[SourceVersion "1"]
[SourceVersionDate "2025.04.30"]
[SourceQuality "1"]
[WhiteTeam "Duesseldorf"]
[BlackTeam "Viernheim"]
[WhiteTeamCountry "GER"]
[BlackTeamCountry "GER"]

1. e4 e5 2. Nf3 Nc6 3. Bc4 Nf6 4. d3 Be7 5. 0-0 d6 6. a3 Be6 7. Nc3 0-0 8. Nd5 h6 9. Re1 a5 10. h3 Re8 11. c3 a4 12. d4 Bd7 13. dxe5 dxe5 14. Bb5 Nb8 15. Bc4 Nc6 16. Bb5 Nb8 17. Bc4 Nc6 18. Bb5 Nb8 1/2-1/2

[Event "Bundesliga 2425"]
[Site "Germany"]
[Date "2025.04.26"]
[Round "14.3"]
[White "Sindarov, Javokhir"]
[Black "Krejci, Jan1"]
[Result "1-0"]
[WhiteElo "2677"]
[BlackElo "2556"]
[PlyCount "81"]
[EventDate "2024.09.28"]
[EventType "team-tourn"]
[EventRounds "15"]
[EventCountry "GER"]
[SourceTitle "CB18_2025"]
[SourceDate "2025.04.30"]
[SourceVersion "1"]
[SourceVersionDate "2025.04.30"]
[SourceQuality "1"]
[WhiteTeam "Duesseldorf"]
[BlackTeam "Heimbach Weis Neuwied"]
[WhiteTeamCountry "GER"]
[BlackTeamCountry "GER"]

1. e4 e5 2. Nf3 Nf6 3. d4 Nxe4 4. dxe5 d5 5. Nbd2 Nxd2 6. Bxd2 Nd7 7. Be2 Be7 8. 0-0 0-0 9. Re1 Nc5 10. Be3 Bg4 11. Nd4 Bxe2 12. Qxe2 Ne6 13. Nf5 g6 14. Nh6+ Kh8 15. Rad1 c6 16. c4 d4 17. Qg4 Bc5 18. Bd2 Qe7 19. Qf3 f5 20. exf6 Rxf6 21. Qe4 Re8 22. g3 Ng7 23. Qxe7 Bxe7 24. Rxe7 Rxe7 25. Bg5 Ne8 26. Ng4 Kg7 27. Nxf6 Nxf6 28. Rxd4 h6 29. Be3 g5 30. Rd8 a6 31. Kg2 Kf7 32. h3 Nd7 33. b3 Ne5 34. Bc5 Rd7 35. Rxd7+ Nxd7 36. Bd4 c5 37. Bb2 b5 38. cxb5 axb5 39. Kf3 c4 40. bxc4 bxc4 41. Bd4 1-0

[Event "Bundesliga 2425"]
[Site "Germany"]
[Date "2025.04.25"]
[Round "13.4"]
[White "Andersen, Mads"]
[Black "Sindarov, Javokhir"]
[Result "1/2-1/2"]
[WhiteElo "2598"]
[BlackElo "2677"]
[PlyCount "40"]
[EventDate "2024.09.28"]
[EventType "team-tourn"]
[EventRounds "15"]
[EventCountry "GER"]
[SourceTitle "CB18_2025"]
[SourceDate "2025.04.30"]
[SourceVersion "1"]
[SourceVersionDate "2025.04.30"]
[SourceQuality "1"]
[WhiteTeam "Solingen"]
[BlackTeam "Duesseldorf"]
[WhiteTeamCountry "GER"]
[BlackTeamCountry "GER"]

1. e4 c5 2. Nf3 e6 3. b3 a6 4. Bb2 d5 5. exd5 exd5 6. Qe2+ Be6 7. g3 Nc6 8. Bg2 Nh6 9. 0-0 Nf5 10. d3 Be7 11. c4 0-0 12. Nc3 Bf6 13. Rad1 Re8 14. Rfe1 h6 15. Nxd5 Bxd5 16. Qxe8+ Qxe8 17. Rxe8+ Rxe8 18. cxd5 Bxb2 19. dxc6 bxc6 20. Kf1 Kf8 1/2-1/2

[Event "Titled Tuesday intern op 25th Mar Early"]
[Site "Chess.com INT"]
[Date "2025.03.25"]
[Round "9"]
[White "Bortnyk, Olexandr"]
[Black "Sindarov, Javokhir"]
[Result "0-1"]
[WhiteElo "2601"]
[BlackElo "2707"]
[PlyCount "104"]
[EventDate "2025.03.25"]
[EventType "swiss (blitz)"]
[EventRounds "11"]
[EventCountry "USA"]
[SourceTitle "CB14_2025"]
[SourceDate "2024.11.01"]
[SourceVersion "1"]
[SourceVersionDate "2024.11.01"]
[SourceQuality "1"]

1. e4 e5 2. Nf3 Nc6 3. Nc3 Nf6 4. Nd5 Bc5 5. c3 0-0 6. d4 exd4 7. Bg5 Be7 8. Nxe7+ Qxe7 9. cxd4 Qxe4+ 10. Be2 Re8 11. Bxf6 gxf6 12. Qd2 d6 13. 0-0 Bf5 14. Rfe1 Qc2 15. Qf4 Rxe2 16. Rxe2 Qxe2 17. Qxf5 Re8 18. Qxf6 Qxb2 19. Qg5+ Kh8 20. Qf6+ Kg8 21. Qg5+ Kf8 22. Qh6+ Kg8 23. Rf1 Qc2 24. h3 Qg6 25. Qd2 d5 26. Rc1 Qf5 27. Rc3 Re6 28. Nh4 Qe4 29. Rg3+ Kf8 30. Qg5 h6 31. Qg7+ Ke7 32. Nf3 Qf5 33. Qh8 Qf6 34. Qc8 Kd6 35. Qxb7 Nxd4 36. Nxd4 Qxd4 37. Kh2 Qf4 38. Qa6+ Ke7 39. Qxa7 h5 40. Qc5+ Ke8 41. Qb5+ c6 42. Qb7 h4 43. Qc8+ Ke7 44. Qb7+ Kf6 45. Qb2+ d4 46. Qb7 hxg3+ 47. fxg3 Qd6 48. Qb2 Ke7 49. h4 d3 50. Qb7+ Kf6 51. Qb2+ Re5 52. Qf2+ Ke7 0-1

[Event "Titled Tuesday intern op 25th Mar Early"]
[Site "Chess.com INT"]
[Date "2025.03.25"]
[Round "7"]
[White "Carlsen, Magnus"]
[Black "Sindarov, Javokhir"]
[Result "0-1"]
[WhiteElo "2833"]
[BlackElo "2707"]
[PlyCount "108"]
[EventDate "2025.03.25"]
[EventType "swiss (blitz)"]
[EventRounds "11"]
[EventCountry "USA"]
[SourceTitle "CB14_2025"]
[SourceDate "2024.11.01"]
[SourceVersion "1"]
[SourceVersionDate "2024.11.01"]
[SourceQuality "1"]

1. a3 Nf6 2. d4 g6 3. c4 c5 4. dxc5 Bg7 5. Nc3 0-0 6. e4 Na6 7. Be3 d6 8. cxd6 Ng4 9. Bf4 Qb6 10. Qd2 Bxc3 11. bxc3 Nc5 12. Be3 exd6 13. Bd4 Nxe4 14. Qc2 Nc5 15. Be2 Re8 16. Qd1 Bf5 17. Kf1 Qb2 18. h3 Ne5 19. Qc1 Qxc1+ 20. Rxc1 Be6 21. Nf3 Nxc4 22. Kg1 Bd5 23. Bxc4 Bxc4 24. Kh2 Bd5 25. Nd2 Re2 26. Rcd1 Rae8 27. Nf1 Bb3 28. Rb1 Bd5 29. Ng3 Ra2 30. Rhe1 Rxe1 31. Rxe1 Kf8 32. Bf6 Be6 33. Re2 Rxa3 34. Rd2 Ra6 35. Bd4 Ke8 36. f3 Rc6 37. Ne2 Nb3 38. Rb2 a5 39. Bf6 a4 40. Ra2 b5 41. Nf4 Kd7 42. Re2 Rc5 43. Nd3 Rf5 44. Bg7 Rd5 45. Nb4 Rd1 46. Kg3 Na5 47. Rb2 Nc6 48. Re2 Nxb4 49. cxb4 a3 50. Re3 a2 51. Ra3 Bc4 52. Kf4 Ke6 53. Ra7 f6 54. Bf8 a1Q 0-1

[Event "Titled Tuesday intern op 25th Mar Early"]
[Site "Chess.com INT"]
[Date "2025.03.25"]
[Round "4"]
[White "Jumabayev, Rinat"]
[Black "Sindarov, Javokhir"]
[Result "0-1"]
[WhiteElo "2549"]
[BlackElo "2707"]
[PlyCount "194"]
[EventDate "2025.03.25"]
[EventType "swiss (blitz)"]
[EventRounds "11"]
[EventCountry "USA"]
[SourceTitle "CB14_2025"]
[SourceDate "2024.11.01"]
[SourceVersion "1"]
[SourceVersionDate "2024.11.01"]
[SourceQuality "1"]

1. d4 Nf6 2. Nf3 g6 3. c4 Bg7 4. g3 c5 5. Bg2 cxd4 6. Nxd4 Nc6 7. Nc2 h5 8. h3 0-0 9. Nc3 d6 10. Bg5 Be6 11. b3 a6 12. Rc1 Rc8 13. 0-0 Qd7 14. Kh2 Rfd8 15. Qd2 Qe8 16. Rfd1 Nh7 17. Bh6 Bh8 18. Ne3 Nf6 19. Ned5 Bxd5 20. cxd5 Ne5 21. Kg1 Ned7 22. e4 Nc5 23. Be3 a5 24. Qe2 Nfd7 25. Nb5 Ne5 26. f4 Ned3 27. Rxd3 Qxb5 28. Rd2 Qxe2 29. Rxe2 Nd3 30. Rd1 Nb4 31. Bb6 Re8 32. Bxa5 Nc2 33. Rdd2 Nd4 34. Rf2 Rc1+ 35. Kh2 Rec8 36. Bb6 Nb5 37. a4 Nc3 38. a5 Re1 39. Rc2 Ra8 40. Rf1 Rxf1 41. Bxf1 Nxe4 42. Rc7 Bc3 43. Rxe7 Nf6 44. Rxb7 Bxa5 45. Bd4 Nxd5 46. Bc4 Bc3 47. Bxd5 Ra2+ 48. Kh1 Bxd4 49. Rxf7 Ra5 50. Be6 Ra1+ 51. Kg2 Re1 52. Bd5 Re2+ 53. Kh1 Re1+ 54. Kg2 Re2+ 55. Kf1 Rf2+ 56. Ke1 Kh8 57. Rd7 Rh2 58. Rxd6 Kg7 59. Rd7+ Kf8 60. Rf7+ Ke8 61. Rb7 Bf2+ 62. Kd1 Bxg3 63. b4 Bxf4 64. Bf7+ Kd8 65. Bxg6 Rxh3 66. b5 h4 67. b6 Rb3 68. Rh7 Rxb6 69. Bf5 Bg5 70. Ke2 Rb3 71. Bg4 Rg3 72. Bf5 Bf6 73. Kf2 Bd4+ 74. Ke2 Re3+ 75. Kd2 Rf3 76. Bg4 Rf4 77. Bh3 Bf6 78. Ke2 Rb4 79. Ke3 Rb3+ 80. Ke4 Rxh3 81. Kf5 Rf3+ 82. Kg4 Rg3+ 83. Kf5 Be7 84. Ke6 Re3+ 85. Kf5 Kd7 86. Kf4 Ra3 87. Kg4 Ke6 88. Rh5 Rg3+ 89. Kf4 Bd6+ 90. Ke4 h3 91. Rh6+ Kd7 92. Kd5 Rd3+ 93. Ke4 Ra3 94. Kd5 Ra5+ 95. Ke4 h2 96. Rh7+ Kc6 97. Rh6 Ra1 0-1

[Event "Titled Tuesday intern op 25th Mar Early"]
[Site "Chess.com INT"]
[Date "2025.03.25"]
[Round "2"]
[White "Laddha, Shubh Jayesh"]
[Black "Sindarov, Javokhir"]
[Result "0-1"]
[WhiteElo "2303"]
[BlackElo "2707"]
[PlyCount "86"]
[EventDate "2025.03.25"]
[EventType "swiss (blitz)"]
[EventRounds "11"]
[EventCountry "USA"]
[SourceTitle "CB14_2025"]
[SourceDate "2024.11.01"]
[SourceVersion "1"]
[SourceVersionDate "2024.11.01"]
[SourceQuality "1"]

1. e4 c5 2. Nf3 e6 3. g3 d5 4. exd5 exd5 5. d4 Nc6 6. Bg2 cxd4 7. Nxd4 Bc5 8. Nb3 Qe7+ 9. Qe2 Bb6 10. Nc3 Qxe2+ 11. Kxe2 Nf6 12. Nxd5 Bg4+ 13. f3 Nxd5 14. fxg4 0-0-0 15. Rd1 Nc3+ 16. bxc3 Rhe8+ 17. Be3 Rxe3+ 18. Kf1 Rxd1+ 19. Rxd1 Rxc3 20. Bxc6 bxc6 21. Rd2 f6 22. Kg2 Rc4 23. Re2 Rxg4 24. Re7 Rc4 25. Rxg7 Rxc2+ 26. Kf3 Rxh2 27. a4 Rc2 28. Ke4 Rc4+ 29. Kf5 Rxa4 30. Rxh7 a5 31. Kxf6 Rg4 32. Nd2 a4 33. Ke6 a3 34. Kd6 Rg6+ 35. Ke5 Rxg3 36. Rh1 Rd3 37. Nc4 Bc5 38. Ke6 Kc7 39. Rh7+ Kb8 40. Rh1 Rc3 41. Na5 Kc7 42. Ra1 Kb6 43. Rxa3 Bxa3 0-1

[Event "Titled Tuesday intern op 25th Mar Early"]
[Site "Chess.com INT"]
[Date "2025.03.25"]
[Round "6"]
[White "Moussard, Jules"]
[Black "Sindarov, Javokhir"]
[Result "0-1"]
[WhiteElo "2592"]
[BlackElo "2707"]
[PlyCount "98"]
[EventDate "2025.03.25"]
[EventType "swiss (blitz)"]
[EventRounds "11"]
[EventCountry "USA"]
[SourceTitle "CB14_2025"]
[SourceDate "2024.11.01"]
[SourceVersion "1"]
[SourceVersionDate "2024.11.01"]
[SourceQuality "1"]

1. e4 c5 2. d4 cxd4 3. Qxd4 Nc6 4. Qd3 Nf6 5. Nc3 e6 6. Bf4 Bb4 7. 0-0-0 0-0 8. Nb5 a6 9. Bc7 Qe7 10. Bd6 Bxd6 11. Nxd6 Ne8 12. f4 Nxd6 13. Qxd6 Qxd6 14. Rxd6 Rd8 15. Nf3 Kf8 16. Be2 Ke7 17. Rhd1 b5 18. e5 Bb7 19. c3 Na7 20. Ng5 Bxg2 21. Nxh7 Nc8 22. R6d4 Bc6 23. Rg1 g6 24. Nf6 Rh8 25. h4 Rxh4 26. Bf3 Nb6 27. Bxc6 dxc6 28. Rd6 Nd5 29. Nxd5+ cxd5 30. Rb6 Rxf4 31. Rb7+ Kf8 32. Kd2 Kg7 33. b4 Rh8 34. Rg2 Rh3 35. Ra7 Rff3 36. Rxa6 Rd3+ 37. Ke2 Rxc3 38. Kf1 Rc1+ 39. Kf2 Rc4 40. Ra7 Rxb4 41. Rg1 Rb2+ 42. Kf1 Rb1+ 43. Kg2 Rxg1+ 44. Kxg1 Re3 45. Rb7 Re2 46. a3 Re3 47. Ra7 Rxe5 48. Ra5 Re3 49. Kf2 Rb3 0-1

[Event "Titled Tuesday intern op 25th Mar Early"]
[Site "Chess.com INT"]
[Date "2025.03.25"]
[Round "10"]
[White "Nakamura, Hikaru"]
[Black "Sindarov, Javokhir"]
[Result "1/2-1/2"]
[WhiteElo "2802"]
[BlackElo "2707"]
[PlyCount "61"]
[EventDate "2025.03.25"]
[EventType "swiss (blitz)"]
[EventRounds "11"]
[EventCountry "USA"]
[SourceTitle "CB14_2025"]
[SourceDate "2024.11.01"]
[SourceVersion "1"]
[SourceVersionDate "2024.11.01"]
[SourceQuality "1"]

1. b3 Nf6 2. Bb2 g6 3. Nf3 Bg7 4. d4 c5 5. dxc5 Na6 6. g3 Nxc5 7. Bg2 d5 8. c4 dxc4 9. Qxd8+ Kxd8 10. Ne5 Be6 11. bxc4 Kc8 12. Nf3 Rd8 13. Nbd2 Bh6 14. h4 Ng4 15. Ba3 Na4 16. Bxe7 Rd7 17. Bb4 Bg7 18. Rc1 a5 19. Ba3 Nc3 20. Rc2 Bf5 21. Rb2 Nxe2 22. Rb5 Nc3 23. Rc5+ Kd8 24. 0-0 Bd3 25. Re1 Ne2+ 26. Kh1 Nxf2+ 27. Kh2 Ng4+ 28. Kh3 Nf2+ 29. Kh2 Ng4+ 30. Kh3 Nf2+ 31. Kh2 1/2-1/2

[Event "Titled Tuesday intern op 25th Mar Early"]
[Site "Chess.com INT"]
[Date "2025.03.25"]
[Round "5"]
[White "Sindarov, Javokhir"]
[Black "Gholami Orimi, Mahdi"]
[Result "1-0"]
[WhiteElo "2707"]
[BlackElo "2509"]
[PlyCount "53"]
[EventDate "2025.03.25"]
[EventType "swiss (blitz)"]
[EventRounds "11"]
[EventCountry "USA"]
[SourceTitle "CB14_2025"]
[SourceDate "2024.11.01"]
[SourceVersion "1"]
[SourceVersionDate "2024.11.01"]
[SourceQuality "1"]

1. e4 g6 2. d4 Bg7 3. Nc3 c6 4. Nf3 d5 5. h3 dxe4 6. Nxe4 Nf6 7. Bd3 0-0 8. 0-0 Nbd7 9. Re1 a5 10. Bg5 a4 11. Qd2 Nxe4 12. Bxe4 Nf6 13. Bd3 Be6 14. c3 b5 15. a3 Bd5 16. Ne5 Re8 17. Bh6 Qb6 18. Qg5 Rad8 19. Re3 c5 20. Bxg6 fxg6 21. Nxg6 Bxh6 22. Qxh6 hxg6 23. Qxg6+ Kh8 24. Rg3 Rg8 25. Qh6+ Nh7 26. Qxb6 Rxg3 27. fxg3 1-0

[Event "Titled Tuesday intern op 25th Mar Early"]
[Site "Chess.com INT"]
[Date "2025.03.25"]
[Round "3"]
[White "Sindarov, Javokhir"]
[Black "Piorun, Kacper"]
[Result "1-0"]
[WhiteElo "2707"]
[BlackElo "2577"]
[PlyCount "61"]
[EventDate "2025.03.25"]
[EventType "swiss (blitz)"]
[EventRounds "11"]
[EventCountry "USA"]
[SourceTitle "CB14_2025"]
[SourceDate "2024.11.01"]
[SourceVersion "1"]
[SourceVersionDate "2024.11.01"]
[SourceQuality "1"]

1. e4 e5 2. Nf3 Nc6 3. Bc4 Bc5 4. Nc3 Nf6 5. d3 d6 6. Na4 Bb6 7. a3 Be6 8. Bxe6 fxe6 9. 0-0 0-0 10. b4 Qe8 11. c3 Nh5 12. Ra2 Nf4 13. g3 Nh5 14. Kg2 Rd8 15. Nxb6 axb6 16. a4 Nf6 17. Re1 Ra8 18. Qb3 h6 19. b5 Nd8 20. d4 exd4 21. cxd4 Kh8 22. Ba3 Rg8 23. e5 dxe5 24. Nxe5 Nd7 25. Nf3 Qh5 26. Rc2 Nf7 27. Rxc7 Nf6 28. Rxe6 Nd5 29. Rxf7 Qxf7 30. Qxd5 Rxa4 31. Rxh6+ 1-0

[Event "Titled Tuesday intern op 25th Mar Early"]
[Site "Chess.com INT"]
[Date "2025.03.25"]
[Round "1"]
[White "Sindarov, Javokhir"]
[Black "Thet, Naung"]
[Result "1-0"]
[WhiteElo "2707"]
[BlackElo "2267"]
[PlyCount "119"]
[EventDate "2025.03.25"]
[EventType "swiss (blitz)"]
[EventRounds "11"]
[EventCountry "USA"]
[SourceTitle "CB14_2025"]
[SourceDate "2024.11.01"]
[SourceVersion "1"]
[SourceVersionDate "2024.11.01"]
[SourceQuality "1"]

1. e4 e6 2. Nf3 d5 3. Nc3 dxe4 4. Nxe4 Nd7 5. d4 Ngf6 6. Nxf6+ Nxf6 7. Be3 Be7 8. Bd3 0-0 9. 0-0 b6 10. Qe2 Bb7 11. Rad1 Qc8 12. Ne5 c5 13. dxc5 Bxc5 14. Bg5 Be7 15. Bxf6 Bxf6 16. Nd7 Qc6 17. Qg4 Bxb2 18. Nxf8 Rxf8 19. Rfe1 g6 20. Be4 Qc7 21. Bxb7 Qxb7 22. Re3 Qc6 23. Qe4 Qc5 24. g3 Kg7 25. Rd7 Re8 26. Rf3 Bf6 27. Qf4 Qf5 28. Qxf5 gxf5 29. Rxa7 Rc8 30. Re3 Kg6 31. Re2 h5 32. Kg2 h4 33. Ra4 hxg3 34. hxg3 Rc3 35. Rb4 Rc6 36. a4 Be7 37. Rb5 Bc5 38. c3 Kf6 39. Rd2 Rc7 40. Rd1 Rc6 41. Rd7 Rc8 42. Rb7 Rc6 43. a5 bxa5 44. Rxa5 Bd6 45. Rd7 Be5 46. Raa7 Bxc3 47. Rxf7+ Ke5 48. Rfc7 Rxc7 49. Rxc7 Bd4 50. f3 Bb6 51. Rb7 Bc5 52. Rf7 Bd6 53. g4 f4 54. g5 Kd5 55. g6 Be5 56. g7 Bxg7 57. Rxg7 Ke5 58. Rf7 Kd5 59. Rxf4 e5 60. Re4 1-0

[Event "Bundesliga 2425"]
[Site "Germany"]
[Date "2025.03.24"]
[Round "12.3"]
[White "Sindarov, Javokhir"]
[Black "Rakotomaharo, Fy Antenaina"]
[Result "1-0"]
[WhiteElo "2677"]
[BlackElo "2440"]
[PlyCount "61"]
[EventDate "2024.09.28"]
[EventType "team-tourn"]
[EventRounds "15"]
[EventCountry "GER"]
[SourceTitle "CB13_2025"]
[SourceDate "2025.03.26"]
[SourceVersion "1"]
[SourceVersionDate "2025.03.26"]
[SourceQuality "1"]
[WhiteTeam "Duesseldorf"]
[BlackTeam "Bad Mergentheim"]
[WhiteTeamCountry "GER"]
[BlackTeamCountry "GER"]

1. c4 Nf6 2. Nf3 g6 3. Nc3 Bg7 4. e4 d6 5. d4 0-0 6. Be2 Nbd7 7. 0-0 e5 8. dxe5 dxe5 9. Be3 b6 10. Qc2 Bb7 11. Rfd1 Qc8 12. b4 c5 13. b5 Ng4 14. Bc1 f5 15. Ng5 Ndf6 16. f3 Nh6 17. Nd5 Re8 18. a4 Nf7 19. Nxf7 Kxf7 20. a5 Bxd5 21. cxd5 Bf8 22. Be3 Bd6 23. axb6 f4 24. b7 Qxb7 25. Ra6 fxe3 26. Rxd6 Rac8 27. Rc6 Rxc6 28. bxc6 Qb6 29. Rb1 Qa5 30. d6 Rc8 31. Qb3+ 1-0

[Event "Bundesliga 2425"]
[Site "Germany"]
[Date "2025.03.23"]
[Round "11.4"]
[White "Neef, Maximilian"]
[Black "Sindarov, Javokhir"]
[Result "1/2-1/2"]
[WhiteElo "2465"]
[BlackElo "2677"]
[PlyCount "103"]
[EventDate "2024.09.28"]
[EventType "team-tourn"]
[EventRounds "15"]
[EventCountry "GER"]
[SourceTitle "CB13_2025"]
[SourceDate "2025.03.26"]
[SourceVersion "1"]
[SourceVersionDate "2025.03.26"]
[SourceQuality "1"]
[WhiteTeam "Dresden TU"]
[BlackTeam "Duesseldorf"]
[WhiteTeamCountry "GER"]
[BlackTeamCountry "GER"]

1. Nf3 c5 2. c4 g6 3. Nc3 Bg7 4. g3 Nc6 5. Bg2 d6 6. d3 Rb8 7. Bd2 a6 8. a4 Nf6 9. Rb1 0-0 10. 0-0 b6 11. Ne1 Bb7 12. Nc2 a5 13. e4 e6 14. f4 Nb4 15. Nxb4 axb4 16. Nb5 Ne8 17. Qe2 Nc7 18. Nxc7 Qxc7 19. b3 Qd7 20. Rbd1 d5 21. e5 Rfd8 22. Be3 Qe7 23. Rd2 Rd7 24. Rfd1 Rbd8 25. cxd5 exd5 26. d4 c4 27. bxc4 Ba6 28. f5 Bxc4 29. Qf3 Qe8 30. Bh3 Ra7 31. Rf2 b3 32. Bg5 Rc8 33. f6 Bf8 34. e6 fxe6 35. Re1 Rc6 36. Qg4 h5 37. Qh4 Bd3 38. g4 Bb4 39. Bd2 hxg4 40. Bxb4 gxh3 41. Rf3 Bf5 42. Rxf5 gxf5 43. Re3 Rcc7 44. Rg3+ Rg7 45. fxg7 Rxg7 46. Bd6 Qd7 47. Be7 Rxg3+ 48. hxg3 b2 49. Qg5+ Kh7 50. Qh5+ Kg7 51. Qg5+ Kh7 52. Qh5+ 1/2-1/2

[Event "Titled Tuesday intern op 11th Mar Late"]
[Site "Chess.com INT"]
[Date "2025.03.11"]
[Round "6"]
[White "Fawzy, Adham"]
[Black "Sindarov, Javokhir"]
[Result "0-1"]
[WhiteElo "2513"]
[BlackElo "2707"]
[PlyCount "74"]
[EventDate "2025.03.11"]
[EventType "swiss (blitz)"]
[EventRounds "11"]
[EventCountry "USA"]
[SourceTitle "CB12_2025"]
[SourceDate "2025.03.19"]
[SourceVersion "1"]
[SourceVersionDate "2025.03.19"]
[SourceQuality "1"]

1. e4 c5 2. c4 g6 3. Nc3 Nc6 4. g3 Bg7 5. Bg2 d6 6. Nge2 Rb8 7. a3 a6 8. Rb1 b5 9. cxb5 axb5 10. b4 cxb4 11. axb4 e5 12. d3 Nf6 13. 0-0 0-0 14. h3 Be6 15. Be3 d5 16. Bc5 d4 17. Bxf8 Bxf8 18. Nd5 Nxd5 19. exd5 Bxd5 20. Qd2 Ra8 21. Rfc1 Bxg2 22. Kxg2 Qd5+ 23. Kg1 Ra2 24. Rc2 Rxc2 25. Qxc2 Nxb4 26. Qd2 Qf3 27. Nc1 h5 28. Rb3 h4 29. Qe2 Qc6 30. Rb1 Nd5 31. Qxe5 hxg3 32. Qxg3 Qc2 33. Ra1 Qb2 34. Ra8 Qxc1+ 35. Kg2 Qc6 36. Qb8 Nb6+ 37. Kh2 Nxa8 0-1

[Event "Titled Tuesday intern op 11th Mar Late"]
[Site "Chess.com INT"]
[Date "2025.03.11"]
[Round "8"]
[White "Martinez Alcantara, Jose Eduardo"]
[Black "Sindarov, Javokhir"]
[Result "1-0"]
[WhiteElo "2606"]
[BlackElo "2707"]
[PlyCount "77"]
[EventDate "2025.03.11"]
[EventType "swiss (blitz)"]
[EventRounds "11"]
[EventCountry "USA"]
[SourceTitle "CB12_2025"]
[SourceDate "2025.03.19"]
[SourceVersion "1"]
[SourceVersionDate "2025.03.19"]
[SourceQuality "1"]

1. e4 e5 2. Nf3 Nc6 3. Nc3 Nf6 4. h3 Bb4 5. Bd3 0-0 6. 0-0 d6 7. a3 Bxc3 8. dxc3 h6 9. Re1 Be6 10. Nh2 a5 11. a4 Nd7 12. Ng4 Nc5 13. Bb5 Na7 14. Bf1 Nc6 15. f3 Ne7 16. Be3 b6 17. Nf2 Qe8 18. Bb5 Bd7 19. Bxc5 bxc5 20. Qe2 Rb8 21. Bxd7 Qxd7 22. b3 Qe6 23. Rad1 Ng6 24. Qd2 Nf4 25. Nd3 Nxd3 26. Qxd3 f5 27. Qa6 Ra8 28. Qc6 Rac8 29. Rd3 Qe8 30. Qb7 Kh8 31. Qa7 Ra8 32. Qxc7 c4 33. Qxc4 Rc8 34. Qb5 Qg6 35. Qd5 Rcd8 36. c4 f4 37. Red1 Rf6 38. Qxa5 Qg3 39. Qxd8+ 1-0

[Event "Titled Tuesday intern op 11th Mar Late"]
[Site "Chess.com INT"]
[Date "2025.03.11"]
[Round "3"]
[White "Moroni, Luca Jr"]
[Black "Sindarov, Javokhir"]
[Result "1-0"]
[WhiteElo "2555"]
[BlackElo "2707"]
[PlyCount "77"]
[EventDate "2025.03.11"]
[EventType "swiss (blitz)"]
[EventRounds "11"]
[EventCountry "USA"]
[SourceTitle "CB12_2025"]
[SourceDate "2025.03.19"]
[SourceVersion "1"]
[SourceVersionDate "2025.03.19"]
[SourceQuality "1"]

1. c4 Nf6 2. Nc3 g6 3. e4 c5 4. g3 Nc6 5. Bg2 Bg7 6. d3 d6 7. Nge2 0-0 8. 0-0 a6 9. h3 Rb8 10. Be3 b5 11. b3 b4 12. Nd5 Nd7 13. Rc1 e6 14. Ndf4 a5 15. h4 a4 16. h5 axb3 17. axb3 Ra8 18. e5 Ndxe5 19. d4 cxd4 20. Nxd4 Bb7 21. Nb5 Na5 22. hxg6 hxg6 23. Nxd6 Bxg2 24. Kxg2 Nxb3 25. Rb1 Ra6 26. c5 Qa8+ 27. f3 Ra2+ 28. Kh3 Na5 29. Rxb4 Qd8 30. Rf2 Rxf2 31. Bxf2 Nac6 32. Rb7 Qa8 33. Kg2 Qa3 34. Qb3 Ra8 35. Qxa3 Rxa3 36. Rc7 Bf8 37. g4 Bxd6 38. cxd6 Rd3 39. Nxd3 1-0

[Event "Titled Tuesday intern op 11th Mar Late"]
[Site "Chess.com INT"]
[Date "2025.03.11"]
[Round "1"]
[White "Poeta, Caio Medeiros"]
[Black "Sindarov, Javokhir"]
[Result "0-1"]
[WhiteElo "2161"]
[BlackElo "2707"]
[PlyCount "114"]
[EventDate "2025.03.11"]
[EventType "swiss (blitz)"]
[EventRounds "11"]
[EventCountry "USA"]
[SourceTitle "CB12_2025"]
[SourceDate "2025.03.19"]
[SourceVersion "1"]
[SourceVersionDate "2025.03.19"]
[SourceQuality "1"]

1. d4 Nf6 2. c4 g6 3. g3 c5 4. Nf3 cxd4 5. Nxd4 Nc6 6. Bg2 Bg7 7. 0-0 h5 8. h4 0-0 9. Nc3 Nxd4 10. Qxd4 d6 11. b3 Bf5 12. Bb2 Ne4 13. Qe3 Qb6 14. Qc1 Nxg3 15. Re1 Qd4 16. e3 Qxh4 17. fxg3 Qxg3 18. Nd5 Be4 19. Nxe7+ Kh7 20. Re2 Bxb2 21. Qxb2 Bxg2 22. Rxg2 Qxe3+ 23. Qf2 Qxe7 24. Re1 Qc7 25. Qf6 Rae8 26. Rd1 Re6 27. Qf4 Qe7 28. Rf1 Re1 29. Rgf2 Rxf1+ 30. Rxf1 Qe5 31. Qf3 b6 32. Rf2 Kg7 33. Re2 Qf6 34. Qc6 h4 35. b4 h3 36. Rf2 Qd4 37. Qf3 Qxc4 38. Qxh3 Qxb4 39. Qf3 Qd4 40. Kg2 Qe5 41. Qg4 f5 42. Qg5 Qf6 43. Qe3 Qe5 44. Qg5 Rh8 45. Rd2 Rh2+ 46. Kg1 Rxd2 47. Qxd2 Kf6 48. Qc2 f4 49. Qc8 Kg5 50. Qd8+ Kg4 51. Kg2 Qe2+ 52. Kg1 g5 53. a4 Qe3+ 54. Kh1 Kf3 55. Qa8+ Kg4 56. Qc8+ Kg3 57. Qc1 Qxc1# 0-1

[Event "Titled Tuesday intern op 11th Mar Late"]
[Site "Chess.com INT"]
[Date "2025.03.11"]
[Round "5"]
[White "Sindarov, Javokhir"]
[Black "Badmatsyrenov, Oleg"]
[Result "1-0"]
[WhiteElo "2707"]
[BlackElo "2366"]
[PlyCount "55"]
[EventDate "2025.03.11"]
[EventType "swiss (blitz)"]
[EventRounds "11"]
[EventCountry "USA"]
[SourceTitle "CB12_2025"]
[SourceDate "2025.03.19"]
[SourceVersion "1"]
[SourceVersionDate "2025.03.19"]
[SourceQuality "1"]

1. e4 d6 2. d4 c6 3. c3 g6 4. Nf3 Bg7 5. Bd3 Bg4 6. h3 Bxf3 7. Qxf3 Nf6 8. 0-0 0-0 9. Qe2 Nbd7 10. Nd2 e5 11. dxe5 Nxe5 12. Bc2 Re8 13. Re1 Qc7 14. Nf3 Nfd7 15. Bf4 Nc5 16. Rad1 Rad8 17. Bg5 Ra8 18. Bf4 Rad8 19. Nxe5 Bxe5 20. Bg5 Ra8 21. Be3 a5 22. f4 Bg7 23. e5 Bf8 24. Qf2 b6 25. Bd4 Nd7 26. Rf1 c5 27. Be3 dxe5 28. f5 1-0

[Event "Titled Tuesday intern op 11th Mar Late"]
[Site "Chess.com INT"]
[Date "2025.03.11"]
[Round "2"]
[White "Sindarov, Javokhir"]
[Black "Dinesh, Rajan M"]
[Result "1-0"]
[WhiteElo "2707"]
[BlackElo "2157"]
[PlyCount "73"]
[EventDate "2025.03.11"]
[EventType "swiss (blitz)"]
[EventRounds "11"]
[EventCountry "USA"]
[SourceTitle "CB12_2025"]
[SourceDate "2025.03.19"]
[SourceVersion "1"]
[SourceVersionDate "2025.03.19"]
[SourceQuality "1"]

1. e4 c5 2. Nc3 Nc6 3. Nf3 e6 4. d4 cxd4 5. Nxd4 Nf6 6. Ndb5 Bb4 7. a3 Bxc3+ 8. Nxc3 d5 9. Bd3 dxe4 10. Nxe4 Nxe4 11. Bxe4 Qxd1+ 12. Kxd1 Bd7 13. Be3 f5 14. Bd3 e5 15. f3 0-0-0 16. Kc1 Be6 17. Re1 Rhe8 18. b4 Rd7 19. b5 Na5 20. Bxa7 Nb3+ 21. cxb3 Rxd3 22. Rxe5 Kd7 23. Kc2 Bxb3+ 24. Kxd3 Rxe5 25. a4 Re8 26. Bd4 g6 27. Ra3 Bd1 28. Be3 Rc8 29. Kd2 Bc2 30. a5 f4 31. Bxf4 Bf5 32. a6 bxa6 33. bxa6 Ra8 34. a7 Be6 35. Bb8 Bd5 36. Rd3 Ke6 37. Ke3 1-0